政令指定都市にある駅サドンデス - Statistics

General Stats
  • This quiz has been taken 1,394 times
  • The average score is 4 of 40
Answers on the Grid
Answers color-coded by a green-red scale on the quiz's grid according to % correct below.
銭函
あいの里公園
大麻
上野幌
岩切
作並
中野栄
名取
沼南
指扇
豊春
戸塚安行
幕張豊砂
実籾
八幡宿
土気
矢野口
はるひ野
若葉台
柿生
すずかけ台
下飯田
本郷台
追浜
相模湖
相武台下
相武台前
さがみ野
豊栄
五泉
羽生田
興津
用宗
尾盛
井川
天竜二俣
弁天島
三ヶ日
中井侍
徳重・名古屋芸大
中京競馬場前
赤池
枇杷島
鞍馬
追分(京阪)
トロッコ保津峡
小倉(近鉄)
杭瀬
江坂
千林
布施
羽衣
和泉中央
北野田
甲南山手
朝霧
緑が丘(神鉄)
道場
万富
福渡
中庄
茶屋町
井原市
海田市
五日市
廿日市
小波瀬西工大前
呼野
希望が丘高校前
折尾
波多江
福工大前
長者原
博多南
田原坂
御代志
光の森
松橋
 
Answer Stats
Answer % Correct
あいの里公園
36%
幕張豊砂
32%
相模湖
32%
作並
27%
上野幌
20%
本郷台
19%
岩切
16%
中野栄
16%
指扇
15%
豊栄
14%
弁天島
13%
土気
12%
柿生
11%
興津
11%
天竜二俣
11%
11%
はるひ野
10%
下飯田
10%
折尾
10%
若葉台
9%
9%
三ヶ日
9%
井川
8%
用宗
7%
中京競馬場前
7%
鞍馬
7%
トロッコ保津峡
7%
甲南山手
7%
五日市
7%
相武台下
5%
福工大前
5%
道場
4%
千林
3%
北野田
3%
呼野
3%
光の森
3%
田原坂
2%
万富
1%
福渡
1%
井原市
1%
No matching quizzes found
Score Distribution
Percent of People with Each Score
Percentile by Number Answered
Your Score History
You have not taken this quiz